<The> Analysis of the market price support and difference payment system practices in turkey using partial equilibrium model
Salvato in:
| Autore principale: | |
|---|---|
| Altri autori: | , |
| Natura: | Capitolo di libro |
| Lingua: | inglese |
| Soggetti: | |
| Tags: |
Nessun Tag, puoi essere il primo ad aggiungerne!!
|
MARC
| LEADER | 00000naa$a2200000$$$4500 | ||
|---|---|---|---|
| 001 | 0039393 | ||
| 005 | 20231102105556.9 | ||
| 041 | 0 | |a eng | |
| 044 | |a SK | ||
| 245 | 1 | 0 | |a <The> Analysis of the market price support and difference payment system practices in turkey using partial equilibrium model |c Halil Kizilaslan, A. Zafer Gurler, Nuray Kizilaslan |
| 610 | 2 | 0 | |a politika poľnohospodárska |
| 610 | 2 | 0 | |a krajiny rozvojové |
| 610 | 2 | 0 | |a systémy platobné |
| 610 | 2 | 0 | |a ceny trhové |
| 610 | 2 | 0 | |a Turecko |
| 610 | 2 | 0 | |a modely rovnováhy |
| 610 | 2 | 0 | |a pšenica |
| 610 | 2 | 0 | |a analýza komparatívna |
| 100 | 1 | |a Kizilaslan, Halil | |
| 700 | 1 | |a Gurler, A. Zafer | |
| 700 | 1 | |a Kizilaslan, Nuray | |